| 000 | 00491nam a22001817a 4500 | ||
|---|---|---|---|
| 003 | CEME | ||
| 005 | 20210628203244.0 | ||
| 008 | 210127b xxu||||| |||| 00| 0 eng d | ||
| 020 | _a81-7808-090-7 | ||
| 040 | _c. | ||
| 082 | _a005.7 SNA | ||
| 100 |
_aSnader, Jon. C _960928 |
||
| 245 | _aEffective tcp/ip programming;44 tips to improve your network programs | ||
| 260 |
_aNEW YORK _bADDISON WESLEY _c2000 |
||
| 300 | _aXV,299P | ||
| 650 |
_aTCP/IP PROGRAMMING _964316 |
||
| 942 |
_cBK _2ddc |
||
| 999 |
_c572849 _d572849 |
||